| 000 | 00582nam a22001577a 4500 | ||
|---|---|---|---|
| 008 | 160414b xxu||||| |||| 00| 0 eng d | ||
| 020 | _a978-971-93903-0-5 | ||
| 082 |
_22007 _aDFil 792.028092 _bAb18 |
||
| 100 |
_95635 _aAbarquez, Barbara J. |
||
| 245 |
_aCarmen D. Locsin's legacy of dance: _bLocsin dance workshop/ _cBarbara J. Abarquez. |
||
| 260 |
_aDavao City: _bThe Carmen D. Locsin Foundation, Inc., _cc2007. |
||
| 300 |
_a305 pages; _c22 cm. |
||
| 650 | 0 |
_95636 _aDance teachers _vPictorial work. _xBiography |
|
| 650 | 0 |
_95637 _aBallet dancing _xPictorial works. |
|
| 942 |
_2ddc _cDFIL |
||
| 999 |
_c1777 _d1777 |
||